Využitie SAP pre účely controllingu v spoločnosti VSE, a.s. bakalárska práca

Gespeichert in:
Bibliographische Detailangaben
1. Verfasser: Gazda, Matúš
Körperschaft: Podnikovohospodárska fakulta EU so sídlom v Košiciach. Katedra manažmentu
Weitere Verfasser: Križiak, Štefan
Format: Buch
Sprache:Slowakisch
Veröffentlicht: Košice 2009
Tags: Tag hinzufügen
Keine Tags, Fügen Sie das erste Tag hinzu!

MARC

LEADER 00000nam$a2200000$$$4500
001 0106743
005 20240318131218.6
041 0 |a slo 
044 |a SK 
245 1 0 |a Využitie SAP pre účely controllingu v spoločnosti VSE, a.s.  |b bakalárska práca  |c Matúš Gazda ; škol. Štefan Križiak 
264 1 |a Košice  |c 2009 
300 |a 69 s. 
100 1 |a Gazda, Matúš 
700 1 |a Križiak, Štefan 
710 2 |a Podnikovohospodárska fakulta EU so sídlom v Košiciach. Katedra manažmentu